| 000 | 00833nam a22002177a 4500 | ||
|---|---|---|---|
| 008 | 170405b xxu||||| |||| 00| 0 eng d | ||
| 020 | _a9780138499365 | ||
| 050 |
_aTS155 _b.R75 1998 |
||
| 100 | _aRussell, Roberta S | ||
| 245 |
_aOperations management : _bfocusing on quality and competitiveness / _cRoberta S. Russell, Bernard W. Taylor III |
||
| 250 | _a2nd ed | ||
| 260 |
_aUpper Saddle River, N.J. : _bPrentice Hall, _c1998 |
||
| 300 |
_a xxii, 837, [19] p. : _bcol. ill. ; _c26 cm |
||
| 500 | _aIncludes bibliographical references and index | ||
| 500 | _aRev. ed. of: Production and operations management. c1995 | ||
| 650 | _aProduction management | ||
| 650 | _aQuality control | ||
| 700 | _aTaylor, Bernard W | ||
| 700 |
_aRussell, Roberta S. _cProduction and operations management |
||
| 942 |
_2lcc _cBK |
||
| 999 |
_c49847 _d49847 |
||